Регионална библиотека "Любен Каравелов" - Русе

The Mammoth book of jokes (Запис номер 72379)

MARC детайли
000 -Лидер
Контролно поле с фиксирана дължина 00954nam a2200301 c 4500
003 - Код на организацията, давaща контролен номер
Контролно поле BLK
005 - Дата и час на последна редакция
Контролно поле 20231117120847.0
008 - Елементи от данни с фиксирана дължина
fixed length control field 180408b bul|||||r ||||||| ||bul||
010 ## - Наследен системен номер
LC control number KNG00076754000
020 ## - Международен стандартен номер на книга ISBN
Международен стандартен номер на книга ISBN 1-84119-180-9
-- издат.: Robinson Publ.
040 ## - Източник на каталожния запис
Идентификатор на билиотеката - собственик на записа BLK
041 ## - Код за език
Код за езика на текст/звукозапис или на отделно заглавие Английски
Код за езика КДБФ Английски
080 ## - УДК
Текстов определител УДК Английска литература
УДК код - определител по УДК 821.111
УДК определител -36
УДК - код + определител 821.111-36
080 ## - УДК
Текстов определител УДК Американска литература (на САЩ)
УДК код - определител по УДК 821.111(73)
УДК определител -36
УДК - код + определител 821.111(73)-36
139 ## - Редно поле
Редна дума The Mammoth book of jokes
Авторски знак Mam - M 23
245 10 - Сведения за заглавието
Заглавие The Mammoth book of jokes
Редно поле (дума) ed. by Geoff Tibballs.
257 ## - Страна на издаване
Страна на създаване/издаване Великобритания
260 ## - Област на издателските данни
-- London
Име на издателя, разпространителя и проч. Robinson Publ.
Година на издаване 2000
300 ## - Физическа характеристика
Страници 614 p.
Размери/Мащаб 20 cm
380 ## - Жанр
Жанр Худож. лит.
700 1# - Други автори (авторска отговорност)
Лично име Tibballs, Geoff
Автороска отговорност (Описва отношението между автора и произведението) ed. by
9 (RLIN) 26244
852 ## - Местоположение
Форматна сигнатура Цб 105780
856 4# - Електронен адрес и достъп
Електронен формат pdf - файл
Път до файла /url/
856 4# - Електронен адрес и достъп
Електронен формат pdf - файл
Път до файла /url/
942 ## - АРТИКУЛИ
Вид на библиотечния материал Книги
Скрит в OPAC Не
Koha issues (borrowed), all copies 5
944 ## - СЪЗДАВАНЕ И РЕДАКЦИЯ на ЗАПИСА
Създаване/Редакция Създаване
Дата на регистрацията/редакция 31.07.2007
Служител, извършил регистрацията/редакцията 30556
Статус, дата на статуса Теодора Пейчева-Дянкова
944 ## - СЪЗДАВАНЕ И РЕДАКЦИЯ на ЗАПИСА
Създаване/Редакция Редакция
Дата на регистрацията/редакция 13.08.2007
Служител, извършил регистрацията/редакцията
999 ## - СИСТЕМНИ КОНТРОЛНИ НОМЕРА
Koha biblionumber 72379
Koha biblioitemnumber 72379
Наличности
Код за отписване Код за изгубен артикул Код за повреда Коз за рестрикции Код за отдаване Артикулен № Име на библиотеката - собственик Име на библиотеката, в която се намира в момента Статус (Текущо местоположение) Дата на вписване в системата Местоположение - отдел Цена в лева Инвентарен номер Систематично азбучна сигнатура Баркод Номер на екземпляра Цена в евро Служебна бележка Служебен тип на артикула
  Не е изгубен Не е повреден без рестрикции заемане за дома 117919 Регионална библиотека "Любен Каравелов" Русе Регионална библиотека "Любен Каравелов" Русе ЧЧЗО - англ. ез. - Британски съвет 2007-07-30 ЧЧЗО - англ. ез. - Британски съвет 10.00 120000715874 Ч3 820-3/M 23 120000715874 1 5.11 Дост: DA Вид: А N: 8 Дата: 30.07.2007 Дата инв: 13.03.2015 Бележки инв: Ч32015 Книги
Vip Innovations Ltd, Rousse, Bulgaria 2025